[Event "FB1 2122 SV Weißblau Allianz Leipzig -"]
[Site "?"]
[Date "2022.05.28"]
[Round "10.5"]
[White "Fuchs, Judith"]
[Black "Germann, Heike"]
[Result "1-0"]
[WhiteElo "2229"]
[BlackElo "1997"]
[PlyCount "73"]
[EventDate "2022.??.??"]

1. d4 Nf6 2. Bf4 g6 3. Nc3 Bg7 4. e4 d6 5. Qd2 Nbd7 6. O-O-O O-O 7. Bh6 e5 8.
Bxg7 Kxg7 9. h4 h5 10. f3 c6 11. Nh3 b5 12. dxe5 dxe5 13. Qd6 Qb6 14. Kb1 Qc5
15. Be2 Qxd6 16. Rxd6 Bb7 17. Ng5 Nb6 18. Kc1 Rfd8 19. Rhd1 Rxd6 20. Rxd6 Rc8
21. b3 Ne8 22. Rd2 Rc7 23. a4 b4 24. Nd1 a5 25. Nb2 Rd7 26. Rxd7 Nxd7 27. Nc4
Ba6 28. Nxe5 Bxe2 29. Nxd7 Nc7 30. Nc5 Bf1 31. g3 Bg2 32. Kd2 f6 33. Nge6+ Nxe6
34. Nxe6+ Kg8 35. Ke3 Bh3 36. Nd8 Bd7 37. Nb7 1-0

[Event "FB1 2122 SV Weißblau Allianz Leipzig -"]
[Site "?"]
[Date "2022.05.28"]
[Round "10.6"]
[White "Daemering, Katrin"]
[Black "Wulf, Constanze"]
[Result "1-0"]
[WhiteElo "1966"]
[BlackElo "1842"]
[PlyCount "51"]
[EventDate "2022.??.??"]

1. e4 c5 2. Nf3 d6 3. d4 cxd4 4. Nxd4 Nf6 5. Nc3 a6 6. Bg5 e6 7. f4 Be7 8. Qf3
Qc7 9. O-O-O Nbd7 10. Kb1 b5 11. Bd3 b4 12. Nce2 Bb7 13. Rhe1 Nc5 14. Bxf6 Bxf6
15. g4 O-O 16. g5 Be7 17. Rg1 Rfd8 18. Rg3 e5 19. Nf5 d5 20. exd5 Bxd5 21.
Nxe7+ Qxe7 22. Bxh7+ Kxh7 23. Rxd5 Rxd5 24. Qxd5 Re8 25. g6+ Kh8 26. gxf7 1-0

[Event "FB1 2122 SC Bad Königshofen 1957 - Sch"]
[Site "?"]
[Date "2022.05.28"]
[Round "10.1"]
[White "Klek, Hanna Marie"]
[Black "Osmak, Yuliia"]
[Result "1-0"]
[WhiteElo "2362"]
[BlackElo "2428"]
[PlyCount "159"]
[EventDate "2022.??.??"]

1. e4 c6 2. d4 d5 3. e5 Bf5 4. h4 h5 5. c4 e6 6. Nc3 Ne7 7. Bg5 dxc4 8. Bxc4
Nd7 9. Nge2 Nb6 10. Bd3 Qd7 11. Ne4 Ned5 12. O-O Bxe4 13. Bxe4 Be7 14. Qc1
O-O-O 15. Bf3 f6 16. exf6 gxf6 17. Bd2 Rdg8 18. a4 Na8 19. Qc4 Nab6 20. Qb3 Na8
21. Rfe1 f5 22. Nf4 Nac7 23. Nd3 Bd6 24. Bg5 Qg7 25. Ne5 Be7 26. a5 a6 27. Qc4
Bxg5 28. hxg5 Qe7 29. g6 Qb4 30. Qxb4 Nxb4 31. Ra4 Nbd5 32. Nf7 Nf4 33. Nxh8
Rxh8 34. g7 Rg8 35. g3 Rxg7 36. Kf1 Nfd5 37. Bxh5 f4 38. g4 f3 39. Ra3 Nb5 40.
Rxf3 Nxd4 41. Rf7 Rxf7 42. Bxf7 Kd7 43. Re4 c5 44. g5 Ke7 45. Bh5 Nb3 46. Rh4
Nxa5 47. Bf3 Kf7 48. Be4 b5 49. Rh7+ Kg8 50. Ra7 Nf4 51. Ke1 Nc4 52. b3 Na5 53.
Bc2 c4 54. bxc4 Nxc4 55. Rxa6 Ne5 56. Ra8+ Kg7 57. Ra7+ Kg8 58. Be4 Nh3 59.
Ra8+ Kg7 60. Ra7+ Kg8 61. g6 Nf4 62. Rb7 Nexg6 63. Bxg6 Nxg6 64. Kd2 b4 65. Kd3
b3 66. Kd4 b2 67. Kc5 b1=Q 68. Rxb1 Kf7 69. Kd6 Kf6 70. Re1 e5 71. Rg1 Nf4 72.
Rg8 Kf5 73. f3 Nd3 74. Rf8+ Kg5 75. Kd5 Nf4+ 76. Ke4 Ng6 77. Rg8 Kf6 78. Rxg6+
Kxg6 79. Kxe5 Kf7 80. Kf5 1-0

[Event "FB1 2122 SC Bad Königshofen 1957 - Sch"]
[Site "?"]
[Date "2022.05.28"]
[Round "10.2"]
[White "Schneider, Jana"]
[Black "Gaponenko, Inna"]
[Result "1/2-1/2"]
[WhiteElo "2303"]
[BlackElo "2332"]
[PlyCount "53"]
[EventDate "2022.??.??"]

1. e4 c5 2. Nf3 Nc6 3. d4 cxd4 4. Nxd4 g6 5. c4 Nf6 6. Nc3 d6 7. Be2 Nxd4 8.
Qxd4 Bg7 9. Be3 O-O 10. Qd2 Be6 11. Rc1 Qa5 12. f3 Rfc8 13. b3 a6 14. Nd5 Qxd2+
15. Kxd2 Nxd5 16. cxd5 Bd7 17. Rxc8+ Rxc8 18. Rc1 Rxc1 19. Kxc1 f5 20. a4 fxe4
21. fxe4 Be5 22. h3 Kf7 23. Bg5 Bf6 24. Be3 Be5 25. Bg5 Bf6 26. Bf4 Bd4 27. Bg5
1/2-1/2

[Event "FB1 2122 SC Bad Königshofen 1957 - Sch"]
[Site "?"]
[Date "2022.05.28"]
[Round "10.3"]
[White "Schleining, Zoya"]
[Black "Savina, Anastasia"]
[Result "1/2-1/2"]
[WhiteElo "2329"]
[BlackElo "2348"]
[PlyCount "102"]
[EventDate "2022.??.??"]

1. e4 e5 2. Nf3 Nc6 3. Bc4 Bc5 4. d3 Nf6 5. Nc3 O-O 6. O-O h6 7. h3 a6 8. Be3
Ba7 9. Bxa7 Rxa7 10. d4 exd4 11. Nxd4 Na5 12. Bd3 d6 13. Qf3 c5 14. Nf5 Nc6 15.
Rfe1 Bxf5 16. Qxf5 Nd4 17. Qf4 b5 18. Nd5 c4 19. Qe3 Nc6 20. Bf1 Nxd5 21. exd5
Re7 22. Qd2 Ne5 23. b3 Rfe8 24. bxc4 bxc4 25. f4 Nd7 26. Rxe7 Qxe7 27. Bxc4 Qf6
28. Rf1 Nc5 29. Bd3 Qd4+ 30. Kh2 Nxd3 31. Qxd3 Qxd3 32. cxd3 Rb8 33. Rc1 Rb5
34. Rc8+ Kh7 35. Rc6 Rxd5 36. Rxa6 Rxd3 37. f5 h5 38. Ra7 f6 39. g4 hxg4 40.
hxg4 Kh6 41. a4 Ra3 42. Kg2 d5 43. Kf2 d4 44. a5 Kg5 45. Rxg7+ Kf4 46. Ke2 Rxa5
47. Kd3 Ra1 48. Kxd4 Rd1+ 49. Kc5 Rg1 50. Rg6 Rxg4 51. Rxf6 Rg5 1/2-1/2

[Event "FB1 2122 SC Bad Königshofen 1957 - Sch"]
[Site "?"]
[Date "2022.05.28"]
[Round "10.4"]
[White "Obolentseva, Alexandra"]
[Black "Rapport, Jovana"]
[Result "1/2-1/2"]
[WhiteElo "2305"]
[BlackElo "2294"]
[PlyCount "65"]
[EventDate "2022.??.??"]

1. d4 Nf6 2. c4 g6 3. Nc3 Bg7 4. e4 d6 5. Be2 O-O 6. Nf3 e5 7. O-O Na6 8. Re1
Bg4 9. Be3 Bxf3 10. Bxf3 exd4 11. Bxd4 c6 12. e5 dxe5 13. Bxe5 Qxd1 14. Raxd1
Rfd8 15. Kf1 Ne8 16. Bxg7 Kxg7 17. Ne4 Rab8 18. a3 Nf6 19. b4 Nxe4 20. Rxe4
Rxd1+ 21. Bxd1 Rd8 22. Bf3 Kf8 23. Ke2 h5 24. Ke3 Nc7 25. Rd4 Re8+ 26. Kd3 Ke7
27. Kc3 Ne6 28. Rd3 Rc8 29. g3 b6 30. Re3 Kd6 31. Rd3+ Ke7 32. Re3 Kd6 33. Rd3+
1/2-1/2

[Event "FB1 2122 SC Bad Königshofen 1957 - Sch"]
[Site "?"]
[Date "2022.05.28"]
[Round "10.5"]
[White "Koepke, Elena"]
[Black "Wagner, Dinara"]
[Result "0-1"]
[WhiteElo "2285"]
[BlackElo "2287"]
[PlyCount "108"]
[EventDate "2022.??.??"]

1. e4 c5 2. c3 d5 3. exd5 Qxd5 4. Nf3 Nf6 5. Na3 Nc6 6. Bc4 Qd8 7. O-O e6 8.
Qe2 Be7 9. d4 cxd4 10. Rd1 a6 11. Nxd4 Qc7 12. Nxc6 Qxc6 13. Bd3 b6 14. Nc4 Bb7
15. f3 b5 16. Ne3 O-O 17. Nc2 Qc7 18. Qe1 Rfd8 19. Be3 Nd5 20. Bd4 Bd6 21. Qh4
h6 22. Be4 f5 23. Bxd5 Bxd5 24. Nb4 Bb7 25. Be3 e5 26. Qf2 Qe7 27. Bb6 Rd7 28.
Kh1 Re8 29. a4 e4 30. fxe4 Bxe4 31. Bd4 Qg5 32. Nd3 Rf7 33. Ne1 Qh5 34. Nf3
Rfe7 35. Bf6 Bxf3 36. Rxd6 Re2 37. Qxf3 Re1+ 38. Qf1 Rxf1+ 39. Rxf1 gxf6 40.
Rxf6 Re2 41. Rxa6 Qg4 42. Rg1 bxa4 43. h3 Qe4 44. Rb6 Kg7 45. Rb5 Kg6 46. Rb8
Qc6 47. Rg8+ Kf6 48. Rf8+ Ke5 49. Rb8 Ke4 50. Rf1 Kd3 51. Rf3+ Kc2 52. Rb4 Qg6
53. g4 Qc6 54. Rbf4 Rf2 0-1

[Event "FB1 2122 SC Bad Königshofen 1957 - Sch"]
[Site "?"]
[Date "2022.05.28"]
[Round "10.6"]
[White "Schoene, Maria"]
[Black "Jelica, Mara"]
[Result "1/2-1/2"]
[WhiteElo "2222"]
[BlackElo "2121"]
[PlyCount "139"]
[EventDate "2022.??.??"]

1. e4 c5 2. Nf3 d6 3. d4 cxd4 4. Nxd4 Nf6 5. Nc3 a6 6. Be3 e5 7. Nb3 Be6 8. f4
Qc7 9. f5 Bc4 10. Bxc4 Qxc4 11. Qf3 b5 12. O-O-O Nbd7 13. Kb1 Rc8 14. Rc1 Be7
15. Rhd1 O-O 16. g4 b4 17. Nd2 Qc7 18. Nd5 Nxd5 19. exd5 f6 20. Ne4 Nb6 21.
Bxb6 Qxb6 22. h4 Rc4 23. Rd2 a5 24. Re1 Rfc8 25. g5 fxg5 26. hxg5 Rxe4 27. Qxe4
Bxg5 28. Rg2 Bf6 29. Rg4 Qf2 30. Rh1 Rc5 31. Qd3 h5 32. Rg6 h4 33. Rc1 Qd4 34.
Qxd4 exd4 35. Rf1 Rxd5 36. Kc1 Kf7 37. Rg4 d3 38. cxd3 Rxd3 39. Kc2 Re3 40. Rd1
Re2+ 41. Rd2 Rxd2+ 42. Kxd2 h3 43. Rg3 h2 44. Rh3 Bxb2 45. Rxh2 Kf6 46. Kc2 Be5
47. Rf2 a4 48. Kd3 d5 49. Ke3 Bc3 50. Kd3 Be5 51. Ke3 Bc3 52. Kd3 Ba1 53. Rf1
Be5 54. Rf2 b3 55. axb3 axb3 56. Rf1 Ke7 57. Rb1 b2 58. Rf1 Kd6 59. Kc2 Kc5 60.
Kb3 Kd6 61. Kc2 Ke7 62. Rd1 Kf6 63. Rf1 Kg5 64. Kb1 Bf4 65. Rg1+ Kxf5 66. Rxg7
Be5 67. Rd7 Ke4 68. Kc2 Bf6 69. Rd6 Be5 70. Rd7 1/2-1/2

[Event "FB1 2122 SK Schwäbisch Hall - OSG Bade"]
[Site "?"]
[Date "2022.05.28"]
[Round "10.1"]
[White "Abdumalik, Zhansaya"]
[Black "Saduakassova, Dinara"]
[Result "1-0"]
[WhiteElo "2489"]
[BlackElo "2446"]
[PlyCount "113"]
[EventDate "2022.??.??"]

1. e4 e5 2. Nf3 Nc6 3. Bc4 Bc5 4. c3 Nf6 5. d4 exd4 6. cxd4 Bb4+ 7. Nbd2 d5 8.
exd5 Nxd5 9. O-O O-O 10. a3 Be7 11. Re1 Bf5 12. Ba2 Bf6 13. Ne4 Bxe4 14. Rxe4
Nce7 15. Qd3 c6 16. h4 g6 17. Bd2 Nf5 18. h5 Re8 19. Rxe8+ Qxe8 20. Re1 Qf8 21.
g4 Ng7 22. Ne5 Rd8 23. Qf3 Bxe5 24. Rxe5 Ne6 25. Bxd5 Rxd5 26. Rxd5 cxd5 27.
hxg6 hxg6 28. Qxd5 Qc8 29. Qe4 Qc4 30. Bc3 b6 31. Qe5 Nc7 32. Bd2 Kh7 33. Qe7
Nb5 34. Qh4+ Kg8 35. Be3 Qe6 36. Qg5 Nc7 37. Kh2 Nd5 38. Kg3 Qe4 39. Qe5 Qh1
40. f3 Qe1+ 41. Bf2 Qxe5+ 42. dxe5 g5 43. Be1 Kg7 44. Bd2 Kg6 45. Kf2 f5 46.
exf6 Kxf6 47. Ke2 Ne7 48. Kd3 Ng6 49. Ke4 Nh4 50. Be3 Ng2 51. b4 Ne1 52. a4 Nc2
53. Bd2 Na3 54. Kd5 b5 55. a5 Nc4 56. Bc3+ Ke7 57. a6 1-0

[Event "FB1 2122 SK Schwäbisch Hall - OSG Bade"]
[Site "?"]
[Date "2022.05.28"]
[Round "10.2"]
[White "Kashlinskaya, Alina"]
[Black "Kosteniuk, Alexandra"]
[Result "1-0"]
[WhiteElo "2498"]
[BlackElo "2513"]
[PlyCount "135"]
[EventDate "2022.??.??"]

1. d4 Nf6 2. c4 e6 3. Nc3 Bb4 4. e3 O-O 5. Bd3 d5 6. cxd5 exd5 7. a3 Bd6 8. Qc2
Re8 9. Nb5 Nc6 10. Nxd6 Qxd6 11. Ne2 a5 12. f3 b6 13. Bd2 Bb7 14. Rc1 Rac8 15.
Bb5 Re6 16. O-O Nd8 17. b4 Qe7 18. bxa5 bxa5 19. Qc3 Ba6 20. Rb1 Rb6 21. Bxa6
Rxa6 22. Rb5 a4 23. Nf4 Rc6 24. Qb2 Qd7 25. Nd3 Rc2 26. Qxc2 Qxb5 27. Rb1 Qc6
28. Nc5 Ne6 29. Qxa4 Qxa4 30. Nxa4 Ra8 31. Nc3 h6 32. a4 c5 33. dxc5 Nxc5 34.
Rb4 Kf8 35. Kf1 Ke7 36. Ke2 Kd7 37. g4 Kc6 38. h4 Nfd7 39. Rd4 Nb6 40. a5 Ne6
41. axb6 Nxd4+ 42. exd4 Ra6 43. Nd1 Rxb6 44. Ne3 g6 45. Nf1 Rb2 46. Kd1 Rb3 47.
Ke2 Rb2 48. Ne3 Ra2 49. Nd1 h5 50. gxh5 gxh5 51. Ne3 Ra1 52. Nf5 Ra6 53. Ng3
Kb5 54. Nxh5 Kc4 55. Be3 Ra2+ 56. Kf1 Ra3 57. Kf2 Ra2+ 58. Kg3 Kd3 59. Bf2 Ke2
60. Kg2 Kd3 61. Nf4+ Kc4 62. h5 Rb2 63. Kg3 Ra2 64. Nh3 Kd3 65. Kg4 Ke2 66. Bh4
Ke3 67. h6 Rg2+ 68. Kf5 1-0

[Event "FB1 2122 SK Schwäbisch Hall - OSG Bade"]
[Site "?"]
[Date "2022.05.28"]
[Round "10.3"]
[White "Paehtz, Elisabeth"]
[Black "Batsiashvili, Nino"]
[Result "1/2-1/2"]
[WhiteElo "2497"]
[BlackElo "2463"]
[PlyCount "59"]
[EventDate "2022.??.??"]

1. e4 d5 2. exd5 Qxd5 3. Nc3 Qa5 4. Bc4 Nf6 5. d3 Bg4 6. f3 Bd7 7. Bd2 Qb6 8.
Qe2 Nc6 9. O-O-O e6 10. Na4 Nd4 11. Nxb6 Nxe2+ 12. Nxe2 axb6 13. Nc3 c6 14. a4
b5 15. axb5 cxb5 16. Bb3 Ra1+ 17. Nb1 b4 18. Be3 Ba4 19. Bxa4+ Rxa4 20. c4 bxc3
21. Nxc3 Ra8 22. Kc2 Bd6 23. Ne4 Kd7 24. Nxf6+ gxf6 25. Bd4 Rhc8+ 26. Bc3 f5
27. g4 fxg4 28. fxg4 f5 29. gxf5 exf5 30. Rdf1 1/2-1/2

[Event "FB1 2122 SK Schwäbisch Hall - OSG Bade"]
[Site "?"]
[Date "2022.05.28"]
[Round "10.4"]
[White "Javakhishvili, Lela"]
[Black "Stefanova, Antoaneta"]
[Result "0-1"]
[WhiteElo "2480"]
[BlackElo "2458"]
[PlyCount "70"]
[EventDate "2022.??.??"]

1. d4 d5 2. c4 c6 3. Nf3 e6 4. Qc2 dxc4 5. Qxc4 Nf6 6. Bg5 Nbd7 7. Nc3 h6 8.
Bh4 Qb6 9. e4 Qxb2 10. Rb1 Qa3 11. Be2 Nb6 12. Qd3 Bb4 13. Rb3 Qc1+ 14. Bd1
Nxe4 15. O-O Nxc3 16. Bc2 Nxa2 17. d5 Qf4 18. dxc6 Qd6 19. Nd4 bxc6 20. Qe4 Nc3
21. Qg4 g5 22. Nxc6 Qxc6 23. Qxb4 Bb7 24. f3 Ne2+ 25. Kh1 Qxc2 26. Bf2 Nf4 27.
Ra3 Qe2 28. Kg1 Qc4 29. Qd6 Ne2+ 30. Kh1 Ng3+ 31. hxg3 Qxf1+ 32. Bg1 g4 33. Re3
Bd5 34. Kh2 gxf3 35. gxf3 Rc8 0-1

[Event "FB1 2122 SK Schwäbisch Hall - OSG Bade"]
[Site "?"]
[Date "2022.05.28"]
[Round "10.5"]
[White "Salimova, Nurgyul"]
[Black "Arabidze, Meri"]
[Result "1/2-1/2"]
[WhiteElo "2418"]
[BlackElo "2436"]
[PlyCount "120"]
[EventDate "2022.??.??"]

1. d4 Nf6 2. Nf3 e6 3. g3 b5 4. Bg2 Bb7 5. O-O Be7 6. a4 b4 7. c4 bxc3 8. Nxc3
Na6 9. Bf4 O-O 10. Rc1 Nh5 11. Bd2 Nf6 12. Bf4 Nh5 13. Bd2 Nf6 14. Nb5 Be4 15.
Ba5 Nd5 16. Ne5 Bxg2 17. Kxg2 f6 18. Nd3 f5 19. Nf4 Bb4 20. Nxd5 Bxa5 21. Nf4
c6 22. Na3 Nb4 23. Nd3 Nd5 24. e3 Rb8 25. Nc4 Bb4 26. h4 Qe7 27. Qe2 Nf6 28.
Nce5 Bd6 29. Rc2 Nd5 30. Rfc1 Qd8 31. Qd2 Bxe5 32. Nxe5 Rb4 33. Rc4 Rb7 34. Nd3
Nb6 35. Rb4 Rb8 36. Nc5 Qe7 37. Na6 Rbd8 38. a5 Nd5 39. Rb7 g5 40. hxg5 Qxg5
41. Nc5 Rf7 42. Nd3 a6 43. Nf4 Nxf4+ 44. exf4 Qg4 45. Ra7 Rg7 46. Rxa6 h5 47.
Qe3 h4 48. Rh1 Rh7 49. Rh3 Qd1 50. Rb6 hxg3 51. Rxh7 Kxh7 52. fxg3 Rh8 53. Qe5
Qd2+ 54. Kf1 Qd3+ 55. Kf2 Qd2+ 56. Kf1 Rg8 57. Rb7 Qd1+ 58. Kf2 Qd2+ 59. Kf1
Qd1+ 60. Kf2 Qd2+ 1/2-1/2

[Event "FB1 2122 SK Schwäbisch Hall - OSG Bade"]
[Site "?"]
[Date "2022.05.28"]
[Round "10.6"]
[White "Atalik, Ekaterina"]
[Black "Heinemann, Josefine"]
[Result "1/2-1/2"]
[WhiteElo "2414"]
[BlackElo "2300"]
[PlyCount "152"]
[EventDate "2022.??.??"]

1. Nf3 d5 2. d4 Nf6 3. c4 e6 4. Nc3 c5 5. e3 Nc6 6. a3 a6 7. dxc5 Bxc5 8. b4
Ba7 9. Bb2 O-O 10. Qc2 Qe7 11. Rd1 Rd8 12. Be2 dxc4 13. Rxd8+ Nxd8 14. Ne4 Nxe4
15. Qxe4 f5 16. Qxc4 Bd7 17. Qb3 Bc6 18. O-O Bd5 19. Qc3 Nc6 20. Rd1 Rd8 21.
Bc4 Bxc4 22. Rxd8+ Nxd8 23. Qxc4 Qd7 24. Qb3 Nc6 25. h4 h6 26. h5 Bb8 27. g3
Kh7 28. Nh4 Bc7 29. Ng6 Kg8 30. Qc4 Ne7 31. Qd4 Nd5 32. e4 fxe4 33. Qxe4 Qf7
34. Kg2 Bb6 35. Bd4 Bxd4 36. Qxd4 Qd7 37. Qe5 Nc7 38. Kh2 b5 39. Qc5 Qd8 40.
Qb6 Kh7 41. Nf4 Qd7 42. Qb8 Qf7 43. Kg2 Ne8 44. Ng6 Kg8 45. Qc8 e5 46. Qc6 Nf6
47. Qa8+ Ne8 48. Qe4 Nf6 49. Qa8+ Ne8 50. Qf3 Nf6 51. Nxe5 Qe6 52. Ng6 Qe8 53.
Qb3+ Kh7 54. Qd3 Nxh5 55. Ne7+ Kh8 56. Nd5 Qe5 57. Qf3 Kh7 58. Qd3+ Kh8 59. Qf3
Kh7 60. Qf7 Nf6 61. Nxf6+ Qxf6 62. Qxf6 gxf6 63. Kf3 Kg6 64. Kf4 f5 65. f3 h5
66. g4 fxg4 67. fxg4 h4 68. Ke4 Kg5 69. Kf3 h3 70. Kg3 h2 71. Kxh2 Kxg4 72. Kg2
Kf4 73. Kf2 Ke4 74. Ke2 Kd4 75. Kd2 Kc4 76. Kc2 Kd4 1/2-1/2

[Event "FB1 2122 Rodewischer Schachmiezen - SV"]
[Site "?"]
[Date "2022.05.28"]
[Round "10.1"]
[White "Cosma, Elena-Luminita"]
[Black "Sliwicka, Alicja"]
[Result "1/2-1/2"]
[WhiteElo "2277"]
[BlackElo "2273"]
[PlyCount "72"]
[EventDate "2022.??.??"]

1. d4 Nf6 2. Nf3 g6 3. g3 Bg7 4. Bg2 O-O 5. O-O d6 6. b3 b5 7. c4 bxc4 8. bxc4
Na6 9. Nbd2 Rb8 10. Ba3 c5 11. Nb3 Nd7 12. Rc1 Nb4 13. Qd2 a5 14. dxc5 dxc5 15.
Rb1 Qc7 16. Bb2 e5 17. Bc3 Nb6 18. Qe3 Nxc4 19. Qxc5 Qxc5 20. Nxc5 Rb5 21. Bxb4
axb4 22. Nb3 Bf5 23. Rbc1 Nd6 24. Nfd2 Rbb8 25. Na5 Bh6 26. e3 Rfe8 27. Ndc4
Nxc4 28. Nxc4 Bf8 29. Rfd1 Bg4 30. Rd2 e4 31. Nd6 Bxd6 32. Rxd6 Be6 33. Rd2 f5
34. Bf1 Rec8 35. Rxc8+ Rxc8 36. Rd4 Rb8 1/2-1/2

[Event "FB1 2122 Rodewischer Schachmiezen - SV"]
[Site "?"]
[Date "2022.05.28"]
[Round "10.2"]
[White "Lubbe, Melanie"]
[Black "Voicu-Jagodzinsky, Carmen"]
[Result "1-0"]
[WhiteElo "2308"]
[BlackElo "2291"]
[PlyCount "261"]
[EventDate "2022.??.??"]

1. e4 c5 2. Nf3 Nf6 3. Nc3 d5 4. Bb5+ Bd7 5. Bxd7+ Qxd7 6. exd5 Nxd5 7. Nxd5
Qxd5 8. O-O Nc6 9. b3 O-O-O 10. Bb2 f6 11. Qe2 e5 12. d3 h5 13. Qe4 Qd7 14. Nh4
Bd6 15. Rad1 Ne7 16. Ng6 Nxg6 17. Qxg6 h4 18. Qe4 h3 19. g3 Rhe8 20. f3 Kb8 21.
Rf2 Bc7 22. Re2 f5 23. Qh4 e4 24. fxe4 fxe4 25. Re3 g5 26. Qxg5 Qc6 27. Qf6 Re6
28. Qf1 exd3 29. Rxe6 Qxe6 30. cxd3 Re8 31. Bc3 c4 32. Bd4 Qg4 33. Bc5 c3 34.
Rc1 Be5 35. Qf2 b6 36. Be3 Qd7 37. d4 Bc7 38. Rxc3 Qd5 39. Rc2 Bd6 40. Bf4 Rf8
41. Bxd6+ Qxd6 42. Qe3 Qg6 43. Rc1 Re8 44. Qf4+ Ka8 45. Qf3+ Kb8 46. d5 a5 47.
Qf4+ Ka8 48. Qc4 Ka7 49. Qc7+ Ka6 50. Qc6 Qg5 51. Qxe8 Qxc1+ 52. Kf2 Qc5+ 53.
Ke2 Qxd5 54. Qc8+ Ka7 55. Qc7+ Ka8 56. Qxb6 Qe4+ 57. Qe3 Qc2+ 58. Qd2 Qe4+ 59.
Kf2 Qf5+ 60. Ke1 Qb1+ 61. Kf2 Qf5+ 62. Ke3 Qg5+ 63. Kd3 Qd5+ 64. Kc3 Qc6+ 65.
Kd3 Qd5+ 66. Kc2 Qe4+ 67. Kc1 Qh1+ 68. Kb2 Qg2 69. Qc2 Ka7 70. a3 Kb6 71. Kc3
Qc6+ 72. Kd2 Qd6+ 73. Qd3 Qxa3 74. Ke3 Qc1+ 75. Qd2 Qg1+ 76. Qf2 Qc1+ 77. Kf3+
Kb5 78. Kg4 Qh6 79. Qf4 Qg6+ 80. Kxh3 Qe6+ 81. Kh4 Qxb3 82. Qb8+ Kc4 83. Qc7+
Kb5 84. Qb7+ Ka4 85. Qxb3+ Kxb3 86. g4 a4 87. g5 a3 88. g6 a2 89. g7 a1=Q 90.
g8=Q+ Kc2 91. Qc4+ Kd2 92. Qf4+ Kd3 93. Kg4 Qg7+ 94. Kf3 Qb7+ 95. Kg3 Qg7+ 96.
Qg4 Qe5+ 97. Kh3 Kc2 98. Kg2 Qd5+ 99. Kf2 Qc5+ 100. Kf1 Qf8+ 101. Ke1 Kb3 102.
h4 Qe7+ 103. Kf2 Qc5+ 104. Kf3 Qc3+ 105. Kf2 Qc5+ 106. Kg2 Qc2+ 107. Kh3 Qc1
108. Qf3+ Kb4 109. h5 Kc5 110. Kg4 Qg1+ 111. Kf5 Kd6 112. Kf6 Qa1+ 113. Kg6
Qb1+ 114. Kg7 Qg1+ 115. Kf7 Qa7+ 116. Kg8 Qg1+ 117. Kf8 Qg5 118. Qd3+ Ke5 119.
Qg6 Qd8+ 120. Kg7 Qd7+ 121. Kh8 Qd8+ 122. Kh7 Kd4 123. h6 Kc5 124. Qf5+ Kb4
125. Kg7 Qd4+ 126. Kg8 Qc4+ 127. Kg7 Qc3+ 128. Qf6 Qg3+ 129. Kf8 Qb8+ 130. Kf7
Ka3 131. Qa1+ 1-0

[Event "FB1 2122 Rodewischer Schachmiezen - SV"]
[Site "?"]
[Date "2022.05.28"]
[Round "10.3"]
[White "Schulze, Lara"]
[Black "Movsesian, Julia"]
[Result "1/2-1/2"]
[WhiteElo "2303"]
[BlackElo "2313"]
[PlyCount "77"]
[EventDate "2022.??.??"]

1. e4 e5 2. Nf3 Nc6 3. d4 exd4 4. Nxd4 Bc5 5. Be3 Qf6 6. c3 Nge7 7. Bb5 Bb6 8.
O-O O-O 9. Re1 d5 10. Nxc6 bxc6 11. Bf1 Rb8 12. Nd2 Bxe3 13. Rxe3 Rxb2 14. Qc1
Rb8 15. Qa3 a6 16. e5 Qe6 17. Bd3 Nf5 18. Bxf5 Qxf5 19. Nb3 Re8 20. Rae1 Rb6
21. h3 Qg5 22. Qc5 h5 23. Qd4 Qe7 24. Nc5 Rb5 25. Nd3 Bf5 26. Nf4 Qc5 27. Qd2
h4 28. e6 Bxe6 29. Nxe6 fxe6 30. Rxe6 Rxe6 31. Rxe6 Rb1+ 32. Kh2 Rb8 33. Qe2
Qxc3 34. Re8+ Rxe8 35. Qxe8+ Kh7 36. Qh5+ Kg8 37. Qe8+ Kh7 38. Qh5+ Kg8 39.
Qe8+ 1/2-1/2

[Event "FB1 2122 Rodewischer Schachmiezen - SV"]
[Site "?"]
[Date "2022.05.28"]
[Round "10.4"]
[White "Theissl Pokorna, Regina"]
[Black "Ciolacu, Alessia-Mihaela"]
[Result "1/2-1/2"]
[WhiteElo "2302"]
[BlackElo "2198"]
[PlyCount "76"]
[EventDate "2022.??.??"]

1. e4 e5 2. Nf3 Nc6 3. Bc4 Nf6 4. d3 Bc5 5. c3 a6 6. Bb3 d6 7. Nbd2 O-O 8. O-O
h6 9. h3 Re8 10. Re1 Be6 11. Nf1 Ba7 12. Ng3 d5 13. Qe2 b5 14. Bd2 d4 15. Rad1
Bb6 16. Kh2 Qd7 17. Nh4 Rad8 18. Bc2 Ne7 19. a3 c5 20. cxd4 Qxd4 21. Bc3 Qd6
22. Qf3 Nh7 23. Nhf5 Nxf5 24. exf5 Bd5 25. Ne4 Qc6 26. Qg3 Bc7 27. Bd2 Kh8 28.
Qh4 f6 29. Be3 Bb6 30. Qg4 Re7 31. Bb1 Red7 32. Nxc5 Bxc5 33. Rc1 Bc4 34. dxc4
Bxe3 35. Rxe3 Rd4 36. Re4 bxc4 37. Qe2 Rc8 38. Re3 Ng5 1/2-1/2

[Event "FB1 2122 Rodewischer Schachmiezen - SV"]
[Site "?"]
[Date "2022.05.28"]
[Round "10.5"]
[White "Ionica, Iulia-Ionela"]
[Black "Miturova, Magdalena"]
[Result "1-0"]
[WhiteElo "2186"]
[BlackElo "2217"]
[PlyCount "69"]
[EventDate "2022.??.??"]

1. e4 e5 2. Nf3 Nc6 3. d4 exd4 4. Nxd4 Bc5 5. Nb3 Bb6 6. Nc3 Nf6 7. Bg5 h6 8.
Bh4 d6 9. f3 Be6 10. Bb5 a6 11. Bxc6+ bxc6 12. Qe2 a5 13. O-O-O g5 14. Bf2 Nd7
15. Nd4 Bxd4 16. Bxd4 Rg8 17. e5 c5 18. Bf2 Nxe5 19. Bxc5 Qe7 20. Bd4 f6 21.
Rhe1 Kf7 22. h4 Rab8 23. hxg5 hxg5 24. g3 c5 25. Bxe5 dxe5 26. f4 Qb7 27. b3 c4
28. Ne4 Kg7 29. fxe5 cxb3 30. exf6+ Kg6 31. axb3 Qb4 32. Nd6 Qa3+ 33. Kb1 Bxb3
34. Qe4+ Kxf6 35. Qf5+ 1-0

[Event "FB1 2122 Rodewischer Schachmiezen - SV"]
[Site "?"]
[Date "2022.05.28"]
[Round "10.6"]
[White "Kubikova, Alena"]
[Black "Naumenko, Valerija"]
[Result "0-1"]
[WhiteElo "2093"]
[BlackElo "1750"]
[PlyCount "84"]
[EventDate "2022.??.??"]

1. e4 e5 2. Nf3 Nc6 3. Bb5 a6 4. Ba4 Nf6 5. O-O b5 6. Bb3 Be7 7. Re1 d6 8. a4
Bd7 9. c3 O-O 10. d4 h6 11. h3 Re8 12. Na3 Qb8 13. dxe5 Nxe5 14. Nxe5 dxe5 15.
Nc2 Bc6 16. f3 Bc5+ 17. Kh2 Rd8 18. Qe2 Nh5 19. axb5 Bxb5 20. c4 Bc6 21. Ba4
Bxa4 22. Rxa4 a5 23. g3 Qb3 24. Ra1 Rd3 25. Be3 Rad8 26. Rad1 Rxd1 27. Rxd1
Rxd1 28. Bxc5 Rd3 29. Ne1 Rd7 30. Be3 Nf6 31. c5 c6 32. h4 Ne8 33. Kh3 Nc7 34.
f4 exf4 35. Bxf4 Nb5 36. Nf3 Nd4 37. Nxd4 Rxd4 38. Qa6 Qe6+ 39. Kh2 Rxe4 40.
Qa8+ Kh7 41. Qa6 Re2+ 42. Kg1 Qe4 0-1

[Event "FB1 2122 Hamburger SK - SG 1871 Löberi"]
[Site "?"]
[Date "2022.05.29"]
[Round "11.1"]
[White "Rogule, Laura"]
[Black "Socko, Monika"]
[Result "0-1"]
[WhiteElo "2297"]
[BlackElo "2384"]
[PlyCount "94"]
[EventDate "2022.??.??"]

1. c4 Nf6 2. g3 e6 3. Bg2 d5 4. Nf3 dxc4 5. Qa4+ Bd7 6. Qxc4 Bc6 7. Nc3 Nbd7 8.
e4 Be7 9. O-O O-O 10. Rd1 a5 11. Qe2 Nc5 12. Ne5 Be8 13. d4 Na4 14. Be3 Ra6 15.
f4 Qb8 16. g4 Nxc3 17. bxc3 Ba4 18. Rdb1 Qc8 19. g5 Nd7 20. Nd3 c5 21. f5 cxd4
22. cxd4 Rc6 23. f6 Ba3 24. fxg7 Kxg7 25. Ne1 Rc3 26. Bd2 Rc4 27. Qd3 Bb4 28.
a3 Bxd2 29. Qxd2 e5 30. dxe5 Qc5+ 31. Kh1 Nxe5 32. Qb2 Kg8 33. Rc1 Bc6 34. Rxc4
Nxc4 35. Qf6 Ne3 36. Nd3 Qc2 37. Nf2 Re8 38. Rg1 Re6 39. Qd8+ Be8 40. Nd3 Nxg2
41. Rxg2 Qd1+ 42. Rg1 Qf3+ 43. Rg2 Rxe4 44. Kg1 Qe3+ 45. Kf1 Rd4 46. Rg3 Qe4
47. Nf2 Qb1+ 0-1

[Event "FB1 2122 Hamburger SK - SG 1871 Löberi"]
[Site "?"]
[Date "2022.05.29"]
[Round "11.2"]
[White "Padmini, Rout"]
[Black "Berzina, Ilze"]
[Result "1-0"]
[WhiteElo "2348"]
[BlackElo "2180"]
[PlyCount "87"]
[EventDate "2022.??.??"]

1. e4 e5 2. Nf3 Nc6 3. Bb5 g6 4. d4 exd4 5. Bg5 Be7 6. Bxe7 Qxe7 7. Bxc6 dxc6
8. Qxd4 Nf6 9. Nc3 Bg4 10. Nd2 c5 11. Qe3 O-O-O 12. h3 Be6 13. O-O-O Nd7 14. f4
Nb6 15. g4 f6 16. Rhe1 Rhe8 17. Nf3 Bf7 18. a3 Nc4 19. Qf2 Rxd1+ 20. Rxd1 Rd8
21. Rxd8+ Kxd8 22. Nd2 c6 23. Nxc4 Bxc4 24. Qe3 b5 25. h4 f5 26. g5 fxe4 27.
Qxe4 Bd5 28. Qxe7+ Kxe7 29. Ne2 Ke6 30. Ng3 Bf3 31. Kd2 c4 32. c3 a5 33. Ke3
Bg2 34. Kd4 Kd6 35. f5 c5+ 36. Ke3 gxf5 37. Kf4 b4 38. Nxf5+ Ke6 39. h5 Bh3 40.
Ne3 Kd6 41. g6 h6 42. Nf5+ Ke6 43. Nxh6 Kf6 44. Ng4+ 1-0